| 000 | 02308nam a2200277Ii 4500 | ||
|---|---|---|---|
| 008 | 221202s xx 000 0 und d | ||
| 245 | 0 | _aSoutheast Asia and the Civil Society Gaze | |
| 246 | _aScoping a Contested Concept in Cambodia and Vietnam | ||
| 264 |
_bTaylor & Francis _c2014 |
||
| 300 | _a1 online resource (312 pages) | ||
| 336 |
_atext _btxt _2rdacontent |
||
| 337 |
_acomputer _bc _2rdamedia |
||
| 338 |
_aonline resource _bcr _2rdacarrier |
||
| 490 | _aRoutledge Studies on Civil Society in Asia | ||
| 520 | _aAs developing countries with recent histories of isolation and extreme poverty, followed by restoration and reform, both Cambodia and Vietnam have seen new opportunities and demands for non-state actors to engage in and manage the effects of rapid socio-economic transformation. This book examines how in both countries, civil society actors and the state manage their relationship to one another in an environment that is continuously shaped and (re)constructed by changing legislation, collaboration and negotiation, advocacy and protest, and social control. Further, it explores the countries' divergent experiences whilst also uncovering the underlying basis and drivers of civil society activity that are shared by Cambodia and Vietnam. Crucially, this book engages with the contested nature of civil society and how it is socially constructed through research and development activities, by looking at contemporary discourses and manifestations of civil society in the two countries, including national and community-level organisations, associations, and networks that operate in a variety of sectors, such as gender, the environment and health. Drawing on extensive fieldwork conducted in Cambodia and Vietnam, this book will be of huge interest to students and scholars of Southeast Asian studies, Southeast Asian politics, development studies and civil society. | ||
| 653 | _aBach | ||
| 653 | _aCambodian | ||
| 653 | _aCommunity-Based | ||
| 653 | _aMass | ||
| 653 | _aOrganizations | ||
| 700 | 1 | _aEhlert, Judith | |
| 700 | 1 | _aFeuer, Hart N. | |
| 700 | 1 | _aWaibel, Gabi | |
| 856 |
_uhttps://docs.google.com/spreadsheets/d/1yKIrdCPDAG_9c22mwoOIO2DOhtj65Wqa/edit?usp=sharing&ouid=106555315294820607512&rtpof=true&sd=true _yList of Curated E-Books |
||
| 942 | _cE-BOOK | ||
| 999 |
_c96713 _d96710 |
||